[Event "Politiken Cup 27th"]
[Site "Copenhagen"]
[Date "2005.07.22"]
[Round "8"]
[White "Nordenbaek, Jan"]
[Black "Asgeirsson, Heimir"]
[Result "1-0"]
[WhiteElo "2246"]
[BlackElo "2118"]
[PlyCount "87"]
[EventDate "2005.07.16"]
[EventType "swiss"]
[EventRounds "10"]
[EventCountry "DEN"]
[SourceTitle "CBM 107 Extra"]
[Source "ChessBase"]
[SourceDate "2005.09.01"]
[SourceVersion "1"]
[SourceVersionDate "2005.09.01"]
[SourceQuality "1"]

1. e4 c5 2. Nf3 Nc6 3. Nc3 d6 4. d4 cxd4 5. Nxd4 e5 6. Ndb5 a6 7. Na3 b5 8. Nd5 g6 9. c4 b4 10. Nc2 a5 11. Bd3 Bg7 12. Be3 Rb8 13. Qd2 Be6 14. h4 f5 15. f3 f4 16. Bf2 Nf6 17. Rd1 Bxd5 18. cxd5 Ne7 19. Ke2 0-0 20. Bc4 Nc8 21. Qd3 Qd7 22. Rc1 Nh5 23. a4 bxa3 24. Qxa3 Nb6 25. Bd3 Na4 26. b3 Nc5 27. Bc4 Ng3+ 28. Bxg3 fxg3 29. Ne3 Qf7 30. h5 Qf4 31. hxg6 hxg6 32. Rc3 Bh6 33. Rf1 Nxe4 34. fxe4 Qxe4 35. Rf3 Bxe3 36. Bd3 Bc5+ 37. Bxe4 Bxa3 38. Rxg3 Rf6 39. Bxg6 Kf8 40. Rc7 Bc5 41. Bh7 Ke8 42. Rg8+ Rf8 43. Bg6+ Kd8 44. Rgg7 1-0

[Event "ISL-chT"]
[Site "Reykjavik"]
[Date "2000.03.24"]
[Round "?"]
[White "Edvardsson, Kristjan"]
[Black "Asgeirsson, Heimir"]
[Result "1-0"]
[WhiteElo "2170"]
[BlackElo "2107"]
[PlyCount "78"]
[EventDate "2000.03.24"]
[EventType "team"]
[EventRounds "9"]
[EventCountry "ISL"]
[SourceTitle "EXT 2001"]
[Source "ChessBase"]
[SourceDate "2000.11.22"]
[SourceVersion "1"]
[SourceVersionDate "2000.11.22"]
[SourceQuality "1"]

1. d4 d5 2. c4 c6 3. Nf3 Nf6 4. g3 e6 5. Bg2 Be7 6. 0-0 0-0 7. Qc2 Nbd7 8. b3 b6 9. Rd1 Bb7 10. Nc3 Rc8 11. e4 dxe4 12. Nxe4 Nxe4 13. Qxe4 Nf6 14. Qe2 Qc7 15. Bf4 Bd6 16. Bxd6 Qxd6 17. Ne5 Qe7 18. Nd3 Rfd8 19. Nf4 Rd6 20. Rd2 Rcd8 21. Rad1 R8d7 22. Qe5 Ng4 23. Qe2 Nf6 24. Bh3 h6 25. Qe3 Rd8 26. b4 Ba6 27. c5 R6d7 28. Bg2 Nd5 29. Nxd5 exd5 30. Qc3 bxc5 31. bxc5 Re8 32. Rb2 Qf6 33. h4 Rde7 34. Bf1 Be2 35. Bxe2 Rxe2 36. Rf1 Rxb2 37. Qxb2 Qf3 38. a3 Re4 39. a4 Qe2 1-0

[Event "Gudmundur Arason op 4th"]
[Site "Hafnarfjordur"]
[Date "1998.12.21"]
[Round "8"]
[White "Asgeirsson, Heimir"]
[Black "Bjarnason, Saevar"]
[Result "0-1"]
[WhiteElo "2115"]
[BlackElo "2295"]
[PlyCount "90"]
[EventDate "1998.12.??"]
[EventType "swiss"]
[EventRounds "9"]
[EventCountry "ISL"]
[SourceTitle "EXT 2000"]
[Source "ChessBase"]
[SourceDate "1999.11.16"]
[SourceVersion "1"]
[SourceVersionDate "1999.11.16"]
[SourceQuality "1"]

1. d4 Nf6 2. c4 e6 3. Nc3 Bb4 4. Nf3 0-0 5. Bg5 h6 6. Bh4 c5 7. e3 cxd4 8. exd4 d5 9. a3 Be7 10. c5 b6 11. b4 bxc5 12. bxc5 Qa5 13. Qd2 Ba6 14. Ne5 Bxf1 15. Rxf1 Rc8 16. Ke2 Nc6 17. Nxc6 Qa6+ 18. Qd3 Qxc6 19. Qb5 Qc7 20. Bg3 Qd8 21. h3 Nh5 22. Bh2 Bg5 23. Rfb1 Bf4 24. g3 Bc7 25. Qa6 e5 26. Nb5 exd4 27. Nd6 Bxd6 28. Qxd6 Qe8+ 29. Kf1 Qe4 30. Kg1 Rd8 31. Qc7 Rac8 32. Qxa7 d3 33. Qb6 Nf6 34. Qb5 Qd4 35. Qb4 Qxc5 36. Qxc5 Rxc5 37. Rd1 Rc3 38. g4 Ra8 39. a4 Ne4 40. Be5 Rb3 41. a5 f6 42. Bc7 d2 43. Kg2 Rd3 44. Ra2 Rc8 45. a6 Nc3 0-1

[Event "Gudmundur Arason op 4th"]
[Site "Hafnarfjordur"]
[Date "1998.12.20"]
[Round "7"]
[White "Asgeirsson, Heimir"]
[Black "Olafsson, Thorvadur F"]
[Result "1-0"]
[WhiteElo "2115"]
[BlackElo "2050"]
[PlyCount "63"]
[EventDate "1998.12.??"]
[EventType "swiss"]
[EventRounds "9"]
[EventCountry "ISL"]
[SourceTitle "EXT 2000"]
[Source "ChessBase"]
[SourceDate "1999.11.16"]
[SourceVersion "1"]
[SourceVersionDate "1999.11.16"]
[SourceQuality "1"]

1. d4 Nf6 2. c4 c5 3. d5 b5 4. f3 bxc4 5. e4 d6 6. Bxc4 g6 7. Nc3 Bg7 8. Nge2 0-0 9. 0-0 Ba6 10. Bxa6 Nxa6 11. Be3 Nd7 12. Rb1 Qa5 13. Qe1 Ne5 14. Qh4 Bf6 15. Bg5 Bxg5 16. Qxg5 f6 17. Qh6 c4 18. f4 Qc5+ 19. Kh1 Nd3 20. Qh4 Rab8 21. b3 Nab4 22. Rf3 Nc2 23. bxc4 Rxb1+ 24. Nxb1 Nd4 25. Rh3 h5 26. Qg3 Kf7 27. Qxd3 Nxe2 28. Qxe2 Rc8 29. Nd2 Rb8 30. Rb3 Rc8 31. h3 Qd4 32. Kh2 1-0

[Event "Gudmundur Arason op 4th"]
[Site "Hafnarfjordur"]
[Date "1998.12.19"]
[Round "6"]
[White "Vidarsson, Jon Gardar"]
[Black "Asgeirsson, Heimir"]
[Result "1-0"]
[WhiteElo "2375"]
[BlackElo "2115"]
[PlyCount "71"]
[EventDate "1998.12.??"]
[EventType "swiss"]
[EventRounds "9"]
[EventCountry "ISL"]
[SourceTitle "EXT 2000"]
[Source "ChessBase"]
[SourceDate "1999.11.16"]
[SourceVersion "1"]
[SourceVersionDate "1999.11.16"]
[SourceQuality "1"]

1. e4 c5 2. Nf3 Nc6 3. Bb5 e6 4. Bxc6 dxc6 5. d3 Qc7 6. 0-0 Bd6 7. Nbd2 Ne7 8. Nc4 e5 9. Bd2 f6 10. a3 Be6 11. Ne3 h5 12. b4 h4 13. c3 Qd7 14. Qe2 0-0-0 15. Nc4 Bc7 16. Nb2 g5 17. bxc5 Ng6 18. Rfb1 Bg4 19. d4 Nf4 20. Bxf4 gxf4 21. dxe5 fxe5 22. Rd1 Qe7 23. Rxd8+ Rxd8 24. h3 Bh5 25. Nd3 Ba5 26. Rc1 Qe6 27. Kh2 Qb3 28. Ndxe5 Bxc3 29. Qc4 Qxc4 30. Nxc4 Bf6 31. Nd6+ Kc7 32. e5 Be7 33. Nd4 Rg8 34. Ne6+ Kd7 35. Nxf4 Bg5 36. Nxh5 1-0